000 00537nam a22001937a 4500
999 _c194489
_d194489
005 20221223151253.0
010 _aENG-135930
020 _a9788192949321
_c300.00
035 _aEN-119462
037 _bDBAD/PUB
082 _a881
100 _aManjit Singh
245 _aLegacy of elegance:
_bA tribute to a lady/
_cby Manjit Singh
260 _aNew Delhi
_bMehram Publications Pvt. Ltd.
_c2015
270 _bNew Delhi
300 _a107p.
_c22cm(hbk)
700 _aMurty, NS
_eAuthor
942 _2ddc
_cEN
_mMAN
_h881